Central Library OPAC University of Rajshahi

Cell Growth and Cell Divition / (Record no. 74633)

MARC details
000 -LEADER
fixed length control field 00679nam a2200229 a 4500
001 - CONTROL NUMBER
control field 74633
003 - CONTROL NUMBER IDENTIFIER
rucl marc code (BD-RjUL)
005 - DATE AND TIME OF LATEST TRANSACTION
control field 20211209082600.0
008 - FIXED-LENGTH DATA ELEMENTS--GENERAL INFORMATION
fixed length control field 181108s1963 n a|||| i||| 001 0 eng d
035 ## - SYSTEM CONTROL NUMBER
System control number (BD-RjUL)74851
040 ## - CATALOGING SOURCE
Original cataloging agency BD-RjUL
Language of cataloging eng
Transcribing agency BD-RjUL
041 ## - LANGUAGE CODE
Language code of text/sound track or separate title eng
082 ## - DEWEY DECIMAL CLASSIFICATION NUMBER
Edition number 23
Classification number 571.6
Author mark and year CEL 1963
245 ## - TITLE STATEMENT
Title Cell Growth and Cell Divition /
Statement of responsibility, etc. edited by R.J.C. Harris
260 ## - PUBLICATION, DISTRIBUTION, ETC. (IMPRINT)
Place of publication, distribution, etc. NewYork :
Name of publisher, distributor, etc. Academic press ,
Date of publication, distribution, etc. 1963
300 ## - PHYSICAL DESCRIPTION
Pagination X, 341 p. :
Illustrations ill . ;
Size 23 cm
490 ## - SERIES STATEMENT
Series statement Symposia of the International Society for Cell biology ;
Volume/sequential designation V-2
500 ## - GENERAL NOTE
General note Includes Index
650 ## - SUBJECT ADDED ENTRY--TOPICAL TERM
Topical term or geographic name as entry element Cell biology
9 (RLIN) 224756
700 ## - ADDED ENTRY--PERSONAL NAME
Personal name Harris, R.J.C.
942 ## - ADDED ENTRY ELEMENTS (KOHA)
Source of classification or shelving scheme Dewey Decimal Classification
Koha item type Books
Holdings
Lost status Source of classification or shelving scheme Damaged status Not for loan Collection code Permanent Location Current Location Shelving location Date acquired Source of acquisition Cost, normal purchase price Total Checkouts Full call number Date last seen Copy number Koha item type
  Dewey Decimal Classification   Not For Loan Non-fiction Central Library, University of Rajshahi Central Library, University of Rajshahi Reading Room 08/05/1965 Eureka-Pak 4.49   571.6 CEL 1963 08/11/2018 C-1 Books